V. 26, № 4; Annales de Geophysique

Chi tiết về thư mục
Parent link:Annales de Geophysique: magazine. V. 26, № 4.— , 1969-1975, 1981, 1982.— 0003-4029
Ngôn ngữ:Tiếng Pháp
Được phát hành: 1970
Định dạng: Sách
KOHA link:https://koha.lib.tpu.ru/cgi-bin/koha/opac-detail.pl?biblionumber=568191

MARC

LEADER 00000nam2a2200000 4500
001 568191
005 20231101124515.0
035 |a (RuTPU)RU\TPU\prd\265251 
035 |a RU\TPU\prd\265248 
090 |a 568191 
100 |a 20161108a19691982k y0frey50 ba 
101 0 |a fre 
102 |a FR 
200 0 |a V. 26, № 4 
210 |d 1970 
461 1 |0 (RuTPU)RU\TPU\prd\764  |x 0003-4029  |t Annales de Geophysique  |o magazine  |v V. 26, № 4  |d 1969-1975, 1981, 1982 
801 0 |a RU  |b 63413507  |c 20011210  |g PSBO 
801 2 |a RU  |b 63413507  |c 20161108  |g PSBO 
942 |c BK 
999 |a НТБ_ТПУ  |b НФ  |e -14/20160111  |p П-4812  |u 0,00  |v 1  |x 12698